000 01954nam a22004212 4500
001 0000025355
005 20151217154522.0
008 150723s xx 000 0 eng d
020 _a9966530110 :
040 _aKABU
_cKABU
100 1 _aBwana, Steven J.
_@0000186000
245 1 4 _aThe laws of Tanzania through cases /
_cby Steven J. Bwana and Mashauri K. Benjamin.
260 _aDare-es-Salaam :
_bLaw Africa,
_c2014.
300 _axli, 484 p.
650 0 _aLaw
_zTanzania.
_@0000186001
700 1 _aBenjamin, Mashauri K.
_@0000186002
852 1 _9p1800 KES
852 1 _9p1800 KES
852 1 _9p1800 KES
852 1 _9p1800 KES
852 1 _9p1800 KES
852 1 _9p1800 KES
852 1 _9p1800 KES
852 1 _9p1800 KES
852 1 _9p1800 KES
852 1 _9p1800 KES
852 1 _9p1800 KES
852 1 _9p1800 KES
852 1 _9p1800 KES
852 1 _9p1800 KES
852 1 _9p1800 KES
852 1 _9p1800 KES
852 1 _9p1800 KES
852 1 _9p1800 KES
852 1 _9p1800 KES
908 _a150723
950 _@1
999 _c11655
_d11655